000
003250000a22001450004500
003
MACL
040
_a
MACL
090
_c
5167
_d
5166
100
_a
Desai, Dr. Neera
245
_a
A Decade Of Women's Movement In India
260
_b
Himalaya Publishing House
_c
1988
350
_a
125
650
_a
Sociology
942
_c
BOOK
_k
300
999
_c
5129
_d
5129